000 00725nam a2200217Ii 4500
003 JO-AjNU
008 230605s9999||||xx |||||||||||||| ||und||
017 _a2000/12/3230
040 _aJO-AjNU
_bara
_erda
_cJO-AjNU
041 _aara
050 1 4 _aDT96.M35 2002
100 3 _aتاليف ملص، محمد بسام,
_eauthor
_916747
245 0 0 _aرجال مرج دابق من تاريخ المماليك في أدب الأطفال: دراسة نقدية
250 _aط1
264 3 1 _aعمان: د.ن، 2002
300 _a132ص
336 _atext
_btxt
_2rdacontent
337 _aunmediated
_bn
_2rdamedia
338 _avolume
_bnc
_2rdacarrier
650 4 _aادب الاطفال - المماليك - تاريخ
_916748
999 _aA5032
_c8600
_d8600